<?xml version="1.0" encoding="UTF-8"?>
<marc:record xmlns:marc="http://www.loc.gov/MARC21/slim">
   <marc:leader>00000nam a2200000 a 4500</marc:leader>
   <marc:datafield ind1="1" ind2=" " tag="100">
      <marc:subfield code="a">Dohmen, Karin</marc:subfield>
      <marc:subfield code="4">aut</marc:subfield>
      <marc:subfield code="e">Verfasser/-in</marc:subfield>
   </marc:datafield>
   <marc:datafield ind1=" " ind2=" " tag="653">
      <marc:subfield code="a">Beziehung</marc:subfield>
   </marc:datafield>
   <marc:datafield ind1=" " ind2=" " tag="653">
      <marc:subfield code="a">Partnerschaft</marc:subfield>
   </marc:datafield>
   <marc:datafield ind1=" " ind2=" " tag="653">
      <marc:subfield code="a">Ehe</marc:subfield>
   </marc:datafield>
   <marc:datafield ind1="0" ind2="0" tag="245">
      <marc:subfield code="a">Warum Lebenslang? Ehevertrag auf Zeit</marc:subfield>
   </marc:datafield>
   <marc:datafield ind1=" " ind2="1" tag="264">
      <marc:subfield code="a">Tübingen</marc:subfield>
      <marc:subfield code="b">Pilus-Verl.</marc:subfield>
      <marc:subfield code="c">1991</marc:subfield>
   </marc:datafield>
   <marc:datafield ind1="1" ind2=" " tag="520">
      <marc:subfield code="a">PZ 1/92*61(WWT) Vorgeschlagen wird die interessante Alternative einer zeitlich befristeten Ehe, die die wesentlichen Vorteile der lebenslänglichen Ehe und der freien Lebensgemeinschaft vereinigt und Nachteile beider Formen vermeidet. Nicht zuletzt ist die vorgeschlagene Ehe auf Zeit auch eine Antwort auf die gestiegene Lebenserwartung der Menschen. Unsere Vorfahren waren meist auch in der traditionellen Ehe wegen der geringen Lebenserwartung und der relativ großen Sterblichkeit von Frauen im Wochenbett nicht länger verheiratet als derzeit lebende menschen in einer eventuellen Zeit-Ehe von 10-bis 20-jähriger Dauer. Schließlich meint die Autorin, sollte es in einer Zeit, in der es keine für alle verbindlichen Werte und Lebensvorstellungen mehr gibt, der freien Entwicklung mündiger Menschen überlassen bleiben, welche Form des Zusammenlebens und der Familiengründung sie für richtig halten. Dazu bedarf es fairer, gesellschaftlich abgewogener Rahmenbedingungen und angemessener Entscheidungsmöglichkeiten.</marc:subfield>
   </marc:datafield>
   <marc:datafield ind1="0" ind2=" " tag="490">
      <marc:subfield code="v">0</marc:subfield>
   </marc:datafield>
   <marc:datafield ind1=" " ind2=" " tag="300">
      <marc:subfield code="a">44 S.</marc:subfield>
   </marc:datafield>
</marc:record>
